000 00681nam a2200241 i 4500
001 C2-0318006
003 PPAK
005 20180728114030.0
008 121004s2009 my a|||| ||||| | may d
020 _a9789670326016
040 _aPPAK
_beng
_cPPAK
_erda
082 0 4 _a297.352
_223
090 0 0 _a297.352
_bGHA
_dG
100 0 _aGhazali Ibrahim,
_eauthor
245 1 0 _aKembara hati di tanah suci
264 1 _aKuala Lumpur :
_bInteam Publishing ,
_c2009
300 _a284 pages :
_billustrations ;
_c23 cm.
336 _2rdacontent
_atext
337 _2rdamedia
_aunmediated
338 _2rdacarrier
_avolume
650 1 0 _aMuslim pilgrims and pilgrimages
942 _ddc
_cB
999 _c118988
_d118988